00818nam a2200241 i 450000100060000000300090000600500170001500700030003200800410003502000180007608000110009410000270010524501080013226001060024030000220034649000330036850400330040165000230043470000210045770000320047883000330051085200330054313422ES-MaACL20250728095015.0t|980309s1996 ck ||||1| spa d a958-665-001-4 a330.821 aDworkin, R. M. (1931-)13aLa comunidad liberal / cRonald Dworkin ; estudio preliminar Daniel Bonilla, Isabel Cristina Jaramillo. aSantafé de Bogotá : bSiglo del Hombre : bUniversidad de los Andes, Facultad de Derecho, c1996. a191 p. ; c19 cm.1 aNuevo pensamiento jurídico aBibliografía : p. 185-191.17aLiberalismo2embne1 aBonilla, Daniel.1 aJaramillo, Isabel Cristina.0 aNuevo pensamiento jurídico aES-MaACLjL-20769 bR.125797